000 00301nam a22001337a 4500
008 170905b xxu||||| |||| 00| 0 eng d
020 _a9781111060916
041 _aeng
080 _a070
100 _a40
101 _aMED
245 _aEVRGREEN A GUIDE FOR WRITING
_cFAWCETT
942 _2udc
_cBK
999 _c26173
_d26173